| Tag |
First Indicator |
Second Indicator |
Subfields |
| LEADER |
00000cam a2200000 a 4500 |
| 001 |
in00001151021 |
| 005 |
20151001063106.0 |
| 008 |
931011s1993 pau 000 0 eng d |
| 010 |
|
|
|a 92071506
|
| 019 |
|
|
|a 28971299
|
| 020 |
|
|
|a 088748154X
|
| 020 |
|
|
|a 0887481558 (pbk.)
|
| 035 |
|
|
|a (OCoLC)28981296
|
| 035 |
|
|
|9 AGD7680AM
|
| 040 |
|
|
|a DLM
|c DLM
|d OCL
|d TXA
|d UtOrBLW
|
| 049 |
|
|
|a TXAM
|
| 090 |
|
|
|a PS3573.R5327
|b N54 1993
|
| 100 |
1 |
|
|a Wright, Franz,
|d 1953-2015.
|
| 245 |
1 |
4 |
|a The night world and the word night :
|b poems /
|c by Franz Wright.
|
| 250 |
|
|
|a 1st ed.
|
| 264 |
|
1 |
|a Pittsburgh :
|b Carnegie Mellon University Press,
|c 1993.
|
| 300 |
|
|
|a 64 pages ;
|c 23 cm.
|
| 336 |
|
|
|a text
|b txt
|2 rdacontent
|
| 337 |
|
|
|a unmediated
|b n
|2 rdamedia
|
| 338 |
|
|
|a volume
|b nc
|2 rdacarrier
|
| 999 |
|
|
|a MARS
|
| 999 |
f |
f |
|s 99d31e38-6aa0-3a13-b49d-5bf5aa58c7d7
|i 37fdd096-7f88-354a-864b-2d24c4d2af03
|t 0
|
| 952 |
f |
f |
|p ric
|a Texas A&M University
|b Rellis Campus
|c Joint Library Facility
|d Remote Storage
|t 0
|e PS3573.R5327 N54 1993
|h Library of Congress classification
|i unmediated -- volume
|m A14817716295
|
| 998 |
f |
f |
|a PS3573.R5327 N54 1993
|t 0
|l Remote Storage
|